چشم دید حقیقت سانحہ مشرقی پاکستان 1971 (Record no. 554370)
[ view plain ]
| 000 -LEADER | |
|---|---|
| fixed length control field | 00428nam a22001337a 4500 |
| 082 ## - DEWEY DECIMAL CLASSIFICATION NUMBER | |
| Classification number | 954.91 |
| Author Mark | BUK |
| -- | N-02,P-100 |
| 100 ## - MAIN ENTRY--PERSONAL NAME | |
| Personal name | Bukhari, Brig (R) Liaqat Israr |
| 9 (RLIN) | 51825 |
| 245 ## - TITLE STATEMENT | |
| Title | چشم دید حقیقت سانحہ مشرقی پاکستان 1971 |
| 260 ## - PUBLICATION, DISTRIBUTION, ETC. | |
| Place of publication, distribution, etc. | Lahore, |
| Name of publisher, distributor, etc. | Book Home, |
| Date of publication, distribution, etc. | 2020. |
| 300 ## - PHYSICAL DESCRIPTION | |
| Extent | 103p. |
| 526 ## - STUDY PROGRAM INFORMATION NOTE | |
| Program name | 0 |
| Interest level | 0 |
| Reading level | 0 |
| Title point value | 954_910000000000000_BUK |
| 650 ## - SUBJECT ADDED ENTRY--TOPICAL TERM | |
| Topical term or geographic name entry element | History of pakistan |
| Topical term following geographic name entry element | Urdu books |
| 9 (RLIN) | 51826 |
| 942 ## - ADDED ENTRY ELEMENTS (KOHA) | |
| Source of classification or shelving scheme | |
| Koha item type | Book |
| Withdrawn status | Lost status | Source of classification or shelving scheme | Damaged status | Not for loan | Permanent Location | Current Location | Date acquired | Total Checkouts | Full call number | Barcode | Date last seen | Date last checked out | Price effective from | Koha item type |
|---|---|---|---|---|---|---|---|---|---|---|---|---|---|---|
| Military College of Engineering (MCE) | Military College of Engineering (MCE) | 06/25/2020 | 1 | 954.91 BUK | MCE-51456 | 12/24/2020 | 11/20/2020 | 06/25/2020 | Book |
